• 首页
  • 本馆介绍
  • 公告通知
  • 最新文献
  • 馆藏检索
  • 电子资源
  • 读者导购
  • 参考咨询
  • 我的图书馆
  • 登录
  • 详细信息显示
  • 放入我的书架
  • 预约/预借图书
  • 作者相关作品
  • 分类相关作品
  • 丛书相关作品
  • 出版社相关作品

书目信息

  • 表格格式
  • 工作单格式
  • 卡片格式
题名:
ACSM运动测试与运动处方指南
    
 
作者: ;王正诊 主译 ;美国运动医学学会(ACSM) 著
分册:  
出版信息: 北京   人民卫生出版社  2010
页数: 26,438页
开本: 21cm
丛书名:
单 册:
中图分类: G804.49-62 , R455-62
科图分类:
主题词: 人体测量(运动医学)--指南 , 人体测量(运动医学) , 运动疗法--指南 , 运动疗法
电子资源:
ISBN: 978-7-117-13194-0
000 01320nam0 2200313 45
001 1132089202
005 20110314090220.90
010    @a978-7-117-13194-0@dCNY39.00
100    @a20110121d2010 em y0chiy0110 ea
101 0  @achi
102    @aCN@b110000
105    @ay z 001yy
106    @ar
200 1  @aACSM运动测试与运动处方指南@AACSM Yun Dong Ce Shi Yu Yun Dong Chu Fang Zhi Nan@dACSM's Guidelines for Exercise Testing and Prescription@f美国运动医学学会(ACSM)著@FMei Guo Yun Dong Yi Xue Xue Hui (ACSM) Zhu@g王正诊主译@zeng
210    @a北京@c人民卫生出版社@d2010
215    @a26,438页@d21cm
305    @a据原书第8版译出
330    @a本书是美国运动医学会(ACSM)的最新运动医学检测与运动处方标准汇总。全书用大量表格对临床各种诊断性运动检测的简要原理、临床应用、各项参数的意义与解释、各种临床病理状态下的运动康复方案(处方)标准进行了归纳总结。
510 1  @aACSM's Guidelines for Exercise Testing and Prescription@zeng
606 0  @a人体测量(运动医学)@j指南
606 0  @a人体测量(运动医学)
606 0  @a运动疗法@j指南
606 0  @a运动疗法
690    @aG804.49-62@v4
690    @aR455-62@v4
702  0 @a王正诊@AWang Zheng Zhen@4主译
711 02 @a美国运动医学学会(ACSM)@AMei Guo Yun Dong Yi Xue Xue Hui (ACSM)@4著
801  0 @aCN@bTANGWEI@c20110314
905    @b0532491-94@dG804.49-62@e463@f4
    
    ACSM运动测试与运动处方指南=ACSM's Guidelines for Exercise Testing and Prescription/美国运动医学学会(ACSM)著/王正诊主译.-北京:人民卫生出版社,2010
    26,438页;21cm
    
    
    ISBN 978-7-117-13194-0:CNY39.00
    本书是美国运动医学会(ACSM)的最新运动医学检测与运动处方标准汇总。全书用大量表格对临床各种诊断性运动检测的简要原理、临床应用、各项参数的意义与解释、各种临床病理状态下的运动康复方案(处方)标准进行了归纳总结。
●
相关链接 在E读中查询图书 在五车中查询图书 在当当中查询图书 在豆瓣中查询图书


正题名:ACSM运动测试与运动处方指南     索取号:G804.49-62/463         预约/预借

序号 登录号 条形码 馆藏地/架位号 状态 备注
1 0532491   205324914   第一样本阅览室/ [索取号:G804.49-62/463] 在馆    
2 0532492   205324923   第四借阅区/ [索取号:G804.49-62/463] 在馆    
3 0532493   205324932   第四借阅区/ [索取号:G804.49-62/463] 在馆    
4 0532494   205324941   第四借阅区/ [索取号:G804.49-62/463] 在馆    
唐山师范学院图书馆 欢迎您!
大连网信软件有限公司© 版权所有